000 00548nam a2200181 a 4500
001 60384
005 20180714061624.0
008 140415s2007 mx 000 0 spa d
041 _aspa
082 _a370.07
_bARV
100 1 _aARVEA DAMIAN, MARCEL
245 1 0 _aGUIA METODOLOGICA DEL DIPLOMADO DE LA INVESTIGACION EDUCATIVA DEL TEMA GENERADOR
250 _a1a ed.
260 _aMEXICO :
_bLA MANO,
_c2007
300 _a224
490 _aCOLECCIÓN: CONTRAIMPERIO
650 1 4 _aEDUCACION
_xINVESTIGACION; METODOLOGIA EDUCATIVA
999 _c60384
_d60384